Genshin Impact sans voyelles - Statistiques

Statistiques générales
  • Ce quiz a été pris 482 fois
    251 depuis la dernière actualisation
  • Le résultat moyen est 15 sur 20
Statistiques - réponses
Nom sans voyelles Personnage % Correct
chrltt Charlotte
100%
frmnt Fréminet
100%
skrk Skirk
100%
trtgl Tartaglia
100%
bnntt Bennett
98%
fschl Fischl
97%
kk shnb Kuki Shinobu
97%
xngq Xingqiu
97%
chsc Chasca
95%
chvrs Chevreuse
95%
kvh Kaveh
95%
nvlltt Neuvillette
95%
shgn rdn Shogun Raiden
95%
tghnr Tighnari
95%
zhngl Zhongli
95%
flns Flins
94%
kdhr kzh Kaedehara Kazuha
94%
mn Mona
94%
bzh Baizhu
92%
nhd Nahida
92%
qq Qiqi
92%
brbr Barbara
91%
knch Kinich
91%
rzr Razor
91%
shnh Shenhe
91%
nnggng Ningguang
90%
nmd Nomade
90%
vnt Venti
90%
xlnn Xilonen
90%
lhthm Alhaitham
89%
wrthsl Wriothesley
89%
ctll Citlali
88%
gmng Gaming
88%
kl Klee
88%
mvk Mavuika
88%
xnglng Xiangling
88%
mmzk mzk Yumemizuki Mizuki
88%
kj sr Kujou Sara
87%
sgwnn Sigewinne
87%
frzn Faruzan
86%
thms Thomas
86%
kchn Kachina
85%
h t Hu Tao
84%
sths Sethos
84%
vrs Varesa
84%
sngnm kkm Sangonomiya Kokomi
83%
rlcchn Arlecchino
81%
kqng Keqing
81%
scrs Sucrose
81%
clrnd Clorinde
80%
dh Dehya
80%
scffr Escoffier
79%
kmst k Kamisato Ayaka
79%
ln yn Lan Yan
79%
mk Mika | Yae Miko
79%
bd Beidou
78%
x Xiao
78%
xnn Xinyan | Xianyun
78%
rtk tt Arataki Itto
77%
nl Nilou
77%
mbr Amber
76%
cndc Candace
76%
cn Cyno
76%
jn Jean
76%
lbd Albedo
75%
dhl Dahlia
75%
nv Navia
75%
shknn hz Shikanoin Heizou
75%
dn Diona
72%
chngn Chongyun
71%
kmst t Kamisato Ayato
70%
rsl Rosalia
68%
krr Kirara
67%
nff Ineffa
65%
mln Mualani
64%
cll Collei
63%
lm Lauma
62%
nll Noëlle
62%
chr Chiori
61%
gr Gorou
61%
lntt Lynette
60%
ls Lisa
59%
dr Dori
55%
n jn Yun Jin
55%
k Kaeya
53%
/ (aucune consonne) Yaoyao
52%
gn Ganyu
51%
ln Yelan | Lyney
51%
l Aloy | Eula
49%
s Sayu
48%
f Ifa
44%
ll Layla
39%
rrn Ororon
39%
frn Furina
34%
nsn Iansan
29%
n Aino
27%
ml Émilie
14%
nf Yanfei
14%
m Yoimiya
3%
Aucun quiz correspondant
Distribution des résultats
% des personnes avec chaque résultat
Percentile par nombre de réponses
Votre historique - résultats
Vous n’avez pas pris ce quiz depuis la dernière actualisation